| 000 | 00450naa a22001217u 4500 | ||
|---|---|---|---|
| 008 | 130517b2002 xxu||||| |||| 00| 0 ger d | ||
| 040 | _aGER | ||
| 100 | 1 |
_aGanten, Detlev _912220 |
|
| 245 | 0 | 0 | _aMenschliches Leben als Objekt und. Produkt der Forschung |
| 300 |
_a15-18 p. _c26 cm. |
||
| 773 | 0 |
_tWem gehört der Mensch? _aSINCLAIR-HAUS GESPRÄCHE _dBad Homburg v.d. Höhe,Herbert Quandt-Stiftung,2002, _gpágs. 15-18 _z3-00-008925-X, _w70980 |
|
| 942 | _cAC | ||
| 999 |
_c227230 _d227230 |
||